logo

Bir Sreshtho Munshi Abdur Rouf Library
Jhenaidah Cadet College

The new world wide geographies : (Record no. 4432)

MARC details
000 -LEADER
fixed length control field 00617nam a2200217 a 4500
003 - CONTROL NUMBER IDENTIFIER
JCCL marc code BD-JhCC
005 - DATE AND TIME OF LATEST TRANSACTION
control field 20171128111841.0
008 - FIXED-LENGTH DATA ELEMENTS--GENERAL INFORMATION
fixed length control field 171127s1961 Uk a|||| |||| 00| 0 eng d
035 ## - SYSTEM CONTROL NUMBER
system control number (BD-JhCC)
040 ## - CATALOGING SOURCE
Original cataloging agency BD-JhCC
Modifying agency BD-JhCC
041 ## - LANGUAGE CODE
Language code of Book eng
082 ## - DEWEY DECIMAL CLASSIFICATION NUMBER
Classification number 910
Author mark and Year STE 1967
100 ## - MAIN ENTRY--PERSONAL NAME
Personal name H. Stembridge, Jasper
245 ## - TITLE STATEMENT
Title The new world wide geographies :
Remainder of title Africa, Asia, and Australia /
Statement of responsibility, etc Jasper H. Stembridge
260 ## - PUBLICATION, DISTRIBUTION, ETC. (IMPRINT)
Place of publication, distribution, etc London :
Name of publisher, distributor, etc Oxford University Press,
Date of publication, distribution, etc 1961
300 ## - PHYSICAL DESCRIPTION
Pagination 320 p. :
Other physical details ill. ;
Dimensions 22 cm.
490 ## - SERIES STATEMENT
Series statement Second series Book 2
650 ## - SUBJECT ADDED ENTRY--TOPICAL TERM
Topical term or geographic name as entry element Geographies
942 ## - ADDED ENTRY ELEMENTS (KOHA)
Source of classification or shelving scheme Dewey Decimal Classification
Koha item type Books
Holdings
Source of classification or shelving scheme Damaged status Not for loan Home library Current library Shelving location Date of accession Total Checkouts Full call number Barcode Date last seen Copy number Koha item type
Dewey Decimal Classification     JCC Rouf Library JCC Rouf Library General Stacks 11/27/2017   910 STE 1967 6350 11/27/2017 C-1 Books
Dewey Decimal Classification     JCC Rouf Library JCC Rouf Library General Stacks 11/27/2017   910 STE 1967 6399 11/27/2017 C-2 Books
Dewey Decimal Classification     JCC Rouf Library JCC Rouf Library General Stacks 11/27/2017   910 STE 1967 6284 11/27/2017 C-3 Books
Dewey Decimal Classification     JCC Rouf Library JCC Rouf Library General Stacks 11/27/2017   910 STE 1967 6351 11/27/2017 C-4 Books
Dewey Decimal Classification     JCC Rouf Library JCC Rouf Library General Stacks 11/28/2017   910 STE 1967 6417 11/28/2017 C-5 Books
Dewey Decimal Classification     JCC Rouf Library JCC Rouf Library General Stacks 12/03/2017   910 STE 1967 6273 12/03/2017 C-6 Books

JCC Library | Contacts | JCC Home

Last Update on 23 September 2017
Copyright @ 2017-2020 JCC Rouf Library
Rouf Library, Jhenidah Cadet College (JCC), Bangladesh